Validación de la propuesta técnica de determinantes de biodiversidad generada para la jurisdicción de la CVS a partir del ejercicio piloto aplicado al municipio de Uré, como insumo a la definición del correspondiente plan de ordenamiento territorial (Registro nro. 7200)

Detalles MARC
000 -CABECERA
Campo de control 00898nam a2200229 a 4500
005 - FECHA Y HORA DE LA ULTIMA TRANSACCION
Campo de control 20180803165431.0
008 - ELEMENTOS DE LONGITUD FIJA—INFORMACION GENERAL
Campo de control 140217b2009 ck ||||| |||| 00| 0 spa d
040 ## - FUENTE DE CATALOGACIÓN
Agencia catalogadora original CO-BoIAVH
Agencia transcriptora CO-BoIAVH
041 ## - IDIOMA
Código de idioma para texto/pista de sonido o título separado Español
044 ## - PAÍS DE PUBLICACIÓN
País de publicación Colombia
090 ## - CLASIFICACIÓN LOCAL
Colección IAVH
Consecutivo 01387
100 ## - ASIENTO PRINCIPAL--NOMBRE PERSONAL
Nombre personal Bustamante Zamudio, Clarita
245 ## - MENCION DE TITULO
Título Validación de la propuesta técnica de determinantes de biodiversidad generada para la jurisdicción de la CVS a partir del ejercicio piloto aplicado al municipio de Uré, como insumo a la definición del correspondiente plan de ordenamiento territorial
Parte restante del título informe final
260 ## - PUBLICACION, DISTRIBUCION, ETC. (PIE DE IMPRENTA)
Lugar de publicación, distribución, etc. Bogotá
Nombre del editor, distribuidor, etc. IAVH
Fecha de publicación, distribución, etc. 2009
300 ## - DESCRIPCION FISICA
Extensión 135 p.
505 ## - NOTA DE CONTENIDO
Nota de contenido CD Contiene copia del informe impreso
650 ## - ASIENTO SECUNDARIO DE MATERIA - TERMINO TEMATICO
Término temático o nombre geográfico como elemento de entrada Ecosistemas
650 ## - ASIENTO SECUNDARIO DE MATERIA - TERMINO TEMATICO
Término temático o nombre geográfico como elemento de entrada Zonificación ecológica
650 ## - ASIENTO SECUNDARIO DE MATERIA - TERMINO TEMATICO
Término temático o nombre geográfico como elemento de entrada Planes de Ordenamiento Territorial
662 ## - ASIENTO SECUNDARIO DE MATERIA - JERARQUIA DEL NOMBRE DE LUGAR(
Ciudad San José de Uré
Jurisdicción política de primer orden Córdoba
942 ## - ELEMENTOS ADICIONALES (KOHA)
Tipo de ítem Informe Técnico
Sistema de clasificación Local
Existencias
Withdrawn status Lost status Sistema de Clasificación Damaged status No para préstamo Colección Inventariado Ubicación Permanente Ubicación actual Fecha de adquisición Total Checkouts Número topográfico Inventario / Código de Barras Date last seen Ejemplar Price effective from Forma de adquisición Tipo de material Public note
    Local     Humboldt Inventariado 2017 Bogotá Bogotá 25/11/2009   IAVH-01387 027789 09/08/2024 Ej. 1 04/12/2012 Institucional Informe Técnico  
    Local     Humboldt   Bogotá Bogotá 25/11/2009   IAVH-01387 027797 04/12/2012 Ej. 1 04/12/2012 Institucional CD-ROM Informe final